Film Serials and the American Cinema, 1910-1940: Operational Detection (Record no. 47414)

MARC details
000 -LEADER
fixed length control field 01678nam a2200229Ia 4500
000 - LEADER
fixed length control field 02278naaa 00337uu
001 - CONTROL NUMBER
control field https://directory.doabooks.org/handle/20.500.12854/38436
008 - FIXED-LENGTH DATA ELEMENTS--GENERAL INFORMATION
fixed length control field 211013s9999 xx 000 0 und d
020 ## - INTERNATIONAL STANDARD BOOK NUMBER
International Standard Book Number 9789048537808
024 ## - OTHER STANDARD IDENTIFIER
Standard number or code 10.1515/9789048537808
042 ## - AUTHENTICATION CODE
Authentication code dc
245 #0 - TITLE STATEMENT
Title Film Serials and the American Cinema, 1910-1940: Operational Detection
260 ## - PUBLICATION, DISTRIBUTION, ETC.
Place of publication, distribution, etc. Amsterdam
Name of publisher, distributor, etc. Amsterdam University Press
Date of publication, distribution, etc. 2018
300 ## - PHYSICAL DESCRIPTION
Extent 1 electronic resource (330 p.)
520 ## - SUMMARY, ETC.
Summary, etc. Before the advent of television, cinema offered serialised films as a source of weekly entertainment. This book traces the history from the days of silent screen heroines to the sound era's daring adventure serials, unearthing a thriving film culture beyond the self-contained feature. Through extensive archival research, Ilka Brasch details the aesthetic appeals of film serials within their context of marketing and exhibition and that they adapt the pleasures of a flourishing crime fiction culture to both serialised visual culture and the affordances of the media-modernity of the early 20th century. The study furthermore traces how film serials brought the broadcast model of radio and television to the big screen and thereby introduced models of serial storytelling that informed popular culture even beyond the serial's demise.
540 ## - TERMS GOVERNING USE AND REPRODUCTION NOTE
Terms governing use and reproduction Creative Commons
653 ## - INDEX TERM--UNCONTROLLED
Uncontrolled term General & world history
700 1# - ADDED ENTRY--PERSONAL NAME
Personal name Brasch, Ilka
856 ## - ELECTRONIC LOCATION AND ACCESS
Uniform Resource Identifier <a href="https://docs.google.com/spreadsheets/d/1yKIrdCPDAG_9c22mwoOIO2DOhtj65Wqa/edit?usp=sharing&ouid=106555315294820607512&rtpof=true&sd=true ">https://docs.google.com/spreadsheets/d/1yKIrdCPDAG_9c22mwoOIO2DOhtj65Wqa/edit?usp=sharing&ouid=106555315294820607512&rtpof=true&sd=true </a>
Link text List of Curated E-Books
942 ## - ADDED ENTRY ELEMENTS (KOHA)
Koha item type E-Book
Holdings
Withdrawn status Source of classification or shelving scheme Damaged status Not for loan Home library Current library Date acquired Total Checkouts Date last seen Price effective from Koha item type
  Library of Congress Classification   Not For Loan Directory of Open Access Books Directory of Open Access Books 12/22/2021   12/22/2021 12/22/2021 E-Book

University of Rizal System
Email us at univlibservices@urs.edu.ph

Visit our Website www.urs.edu.ph/library